| 000 | 01687cam a2200361 i 4500 | ||
|---|---|---|---|
| 001 | 22455930 | ||
| 003 | OSt | ||
| 005 | 20231005161005.0 | ||
| 008 | 220307s2022 nyu 000 1 eng | ||
| 010 | _a 2022005718 | ||
| 020 | _a9781526623362 | ||
| 020 |
_a9780593540893 _q(hardcover) |
||
| 040 |
_aDLC _beng _erda _cDLC _dDLC |
||
| 042 | _apcc | ||
| 043 | _ae-uk-ni | ||
| 050 | 0 | 0 |
_aPR6111.E553 _bT74 2022 |
| 082 | 0 | 0 |
_a823.92 _bKEN/T |
| 100 | 1 |
_aKennedy, Louise _c(Ph. D.) _eauthor. _99674 |
|
| 245 | 1 | 0 |
_aTrespasses / _cLouise Kennedy. |
| 250 | _aFirst North American edition. | ||
| 264 | 1 |
_aNew York : _bRiverhead Books, _c2022. |
|
| 300 |
_a311 pages ; _c24 cm |
||
| 336 |
_atext _btxt _2rdacontent |
||
| 337 |
_aunmediated _bn _2rdamedia |
||
| 338 |
_avolume _bnc _2rdacarrier |
||
| 520 |
_a"Set in Northern Ireland during the Troubles, a shattering debut novel about a young woman caught between allegiance to community and unsanctioned love"-- _cProvided by publisher. |
||
| 651 | 0 |
_aNorthern Ireland _xHistory _y1968-1998 _vFiction. |
|
| 655 | 7 |
_aHistorical fiction. _2lcgft |
|
| 776 | 0 | 8 |
_iOnline version: _aKennedy, Louise (Ph. D.) _tTrespasses _dNew York : Riverhead Books, 2022 _z9780593540916 _w(DLC) 2022005719 |
| 906 |
_a7 _bcbc _corignew _d1 _eecip _f20 _gy-gencatlg |
||
| 942 |
_2ddc _cBK _h823.92 _iKEN/T _k823.92 _mKEN/T |
||
| 999 |
_c42541 _d42541 |
||